000 00694nam a22001817a 4500
999 _c371593
_d371593
008 201127b ||||| |||| 00| 0 eng d
040 _aDE-2950
_bger
_cDE-2950
_erda
041 _ager
245 _aSo feiert Frankfurt beim Tanz in den Mai.
_b41. Kneipennacht: Ausgelassene Stimmung, spontane Tanzeinlagen zur Live-Musik und bestes Wetter begleiteten die Gäste/
_cjw
264 _c2022
653 _aFrankfurt (Oder)
653 _aKneipennacht
773 _dFrankfurt (Oder) Märkisches Verlags- und Druckhaus GmbH & Co KG
_tMärkische Oderzeitung
_g33. Jahrgang (2022) Nr. 101 vom 02.05.2022, S. 13
942 _cA